Deep Learning with python / (Record no. 36923)

MARC details
000 -LEADER
fixed length control field 00439nam a22001577a 4500
005 - DATE AND TIME OF LATEST TRANSACTION
control field 20250602144104.0
008 - FIXED-LENGTH DATA ELEMENTS--GENERAL INFORMATION
fixed length control field 250602b |||||||| |||| 00| 0 eng d
082 ## - DEWEY DECIMAL CLASSIFICATION NUMBER
Classification number 005.8
Item number CHO-D
100 ## - MAIN ENTRY--AUTHOR
Author Name Chollet, Francios
245 ## - TITLE STATEMENT
Title Deep Learning with python /
Statement of responsibility, etc. Francois Chollet
260 ## - PUBLICATION, DISTRIBUTION, ETC.
Place of Publication USA:
Name of publisher, distributor, etc. Elsevier;
Date of publication, distribution, etc. 2018.
300 ## - PHYSICAL DESCRIPTION
Pages xiv, 361 p. :
500 ## - GENERAL NOTE
General note include index.
650 ## - SUBJECT ADDED ENTRY--TOPICAL TERM
Subject / Department Artificial Intelligence
300 ## - PHYSICAL DESCRIPTION
-- ill;
-- 24 cm.

No items available.

Powered by Koha